Desarrollo de un sistema estratégico de manufactura ajustada para el área de impresión de la empresa Flexográfica de Exportación S.A
Sábháilte in:
| Príomhchruthaitheoir: | |
|---|---|
| Rannpháirtithe: | , |
| Formáid: | LEABHAR |
| Teanga: | Spanish |
| Foilsithe / Cruthaithe: |
[San José, Costa Rica]
2010
|
| Ábhair: | |
| Clibeanna: |
Cuir clib leis
Níl clibeanna ann, Bí ar an gcéad duine le clib a chur leis an taifead seo!
|
MARC
| LEADER | 00000nam a2200000Ia 4500 | ||
|---|---|---|---|
| 003 | 010122 | ||
| 005 | 20221231144032.0 | ||
| 008 | 140114s2010 cr a 000 ||spa d | ||
| 040 | |c cru CEDI | ||
| 090 | |a TFG 6266 | ||
| 100 | |a Brenes Cambronero, Andrea |9 2810 | ||
| 245 | |a Desarrollo de un sistema estratégico de manufactura ajustada para el área de impresión de la empresa Flexográfica de Exportación S.A | ||
| 260 | |c 2010 |b [San José, Costa Rica] | ||
| 500 | |a Proyecto de Graduación (licenciatura en ingeniería industrial)--Universidad de Costa Rica. Facultad de Ingeniería. Escuela de Ingeniería Industrial | ||
| 648 | |x PLANIFICACION ESTRATEGICA |x FLEXOGRAFICA DE EXPORTACION S.A. (COSTA RICA) |9 2813 | ||
| 700 | |9 2811 |a Calderón Cornejo, Jasmín | ||
| 700 | |9 2812 |a Méndez Frech, Melissa | ||
| 942 | |c TFG | ||
| 999 | |c 15938 |d 15938 | ||
